Normal view MARC view
  • Adler M J

Entry Personal Name

Number of records used in: 1

001 - CONTROL NUMBER

  • control field: 214968

003 - CONTROL NUMBER IDENTIFIER

  • control field: OSt

005 - DATE AND TIME OF LATEST TRANSACTION

  • control field: 20251118111625.0

008 - FIXED-LENGTH DATA ELEMENTS

  • fixed length control field: 251118|| aca||aabn | a|a d

040 ## - CATALOGING SOURCE

  • Original cataloging agency: OSt
  • Transcribing agency: OSt

100 ## - HEADING--PERSONAL NAME

  • Personal name: Adler M J

670 ## - SOURCE DATA FOUND

  • Source citation: Work cat.: (OSt)86850: Adler M J, How to speak How to listen, 1985